00839cam a22002534a 45000010009000000050017000090080041000260100017000670200040000840200025001240400018001490410008001670420008001750800022001830820026002051000007002311010008002382450080002465040064003269060045003909420012004359990017004479520121004641372553220180226075106.0040921s2004 nyu b 001 0 eng  a 2004022121 a0465083900 (hardcover : alk. paper) a9780465083916 (pbk.) aDLCcDLCdDLC aeng apcc a618.92/398 LIS00a618.92/398 LIS2221 a50 aPSI10aGeneration extra large :cLisa Tartamella, Elaine Herscher, Chris Woolston. aIncludes bibliographical references (p. 201-242) and index. a7bcbccorignewd1eecipf20gy-gencatlg 2ddccBK c43460d43460 00102udc40708PËKGa002b002cPËKGd2018-02-26l0o618.92/398 LISp002-2999545r2018-02-26w2018-02-26yBK